[Event "Asian Cities-chT"]
[Site "Khanty-Mansiysk"]
[Date "2024.04.25"]
[Round "5.4"]
[White "Sergelen, Batbayar"]
[Black "Al Aqrabi, Saleh"]
[Result "1-0"]
[WhiteElo "1660"]
[BlackElo "2117"]
[PlyCount "67"]
[EventDate "2024.04.21"]
[EventType "team-swiss"]
[EventRounds "9"]
[EventCountry "RUS"]
[SourceTitle "CB18_2024"]
[SourceDate "2024.05.01"]
[SourceVersion "1"]
[SourceVersionDate "2024.05.01"]
[SourceQuality "2"]
[WhiteTeam "Sukhbaatar"]
[BlackTeam "Al Mahra"]
[WhiteTeamCountry "MGL"]
[BlackTeamCountry "YEM"]

1. d4 d5 2. Bf4 c6 3. c3 Bf5 4. Qb3 Qb6 5. e3 Nd7 6. Nf3 h6 7. Nbd2 Ngf6 8. c4 e6 9. c5 Qxb3 10. axb3 a6 11. h3 Be7 12. b4 0-0 13. Nb3 Rfe8 14. Be2 Rec8 15. 0-0 Ne8 16. Na5 Ra7 17. Nxb7 Rxb7 18. Bxa6 Rcb8 19. Bxb7 Rxb7 20. b5 Rxb5 21. Ra7 Nef6 22. Ne5 Bf8 23. Nxd7 Nxd7 24. g4 Bd3 25. Rxd7 f6 26. Ra1 Rxb2 27. Rd8 Kf7 28. Ra7+ Be7 29. Rdd7 Be4 30. Rxe7+ Kf8 31. Rf7+ Ke8 32. Rae7+ Kd8 33. Bc7+ Kc8 34. Rf8+ 1-0

[Event "Asian Cities-chT"]
[Site "Khanty-Mansiysk"]
[Date "2024.04.21"]
[Round "1.4"]
[White "Al Aqrabi, Saleh"]
[Black "Dosmukhambetov, Arystan"]
[Result "0-1"]
[WhiteElo "2117"]
[BlackElo "1968"]
[PlyCount "60"]
[EventDate "2024.04.21"]
[EventType "team-swiss"]
[EventRounds "9"]
[EventCountry "RUS"]
[SourceTitle "CB18_2024"]
[SourceDate "2024.05.01"]
[SourceVersion "1"]
[SourceVersionDate "2024.05.01"]
[SourceQuality "2"]
[WhiteTeam "Al Mahra"]
[BlackTeam "Pavlodar"]
[WhiteTeamCountry "YEM"]
[BlackTeamCountry "KAZ"]

1. d4 Nf6 2. Bf4 g6 3. e3 Bg7 4. h3 0-0 5. Nf3 d6 6. c3 Nfd7 7. Nbd2 e5 8. dxe5 dxe5 9. Bg3 Qe7 10. Be2 a5 11. 0-0 Nc6 12. a4 Nc5 13. Qc2 Kh8 14. Rfe1 f5 15. Nc4 g5 16. Nfd2 f4 17. Bh2 Bf5 18. e4 Be6 19. f3 h5 20. Kh1 Rf6 21. Bg1 g4 22. Bf1 Rg6 23. Nb3 Nxb3 24. Qxb3 gxh3 25. gxh3 Rg8 26. Qc2 Bf6 27. Bf2 Qg7 28. Be2 Bxh3 29. Nd2 Bg2+ 30. Kh2 Qd7 0-1

[Event "Kuwait Blitz op"]
[Site "Kuwait"]
[Date "2023.12.01"]
[Round "3"]
[White "Al Aqrabi, Saleh"]
[Black "Al Kathiri, Mana"]
[Result "1-0"]
[WhiteElo "2145"]
[BlackElo "1809"]
[PlyCount "147"]
[EventDate "2023.12.01"]
[EventType "swiss (blitz)"]
[EventRounds "9"]
[EventCountry "KUW"]
[SourceTitle "CB50_2023"]
[SourceDate "2023.12.13"]
[SourceVersion "1"]
[SourceVersionDate "2023.12.13"]
[SourceQuality "1"]

1. d4 d5 2. Bf4 Nf6 3. e3 Bf5 4. Nd2 Nbd7 5. c3 e6 6. Be2 Bd6 7. Bg3 0-0 8. Ngf3 Nh5 9. Bxd6 cxd6 10. Qb3 Rb8 11. a4 Nhf6 12. 0-0 Ne4 13. Nxe4 dxe4 14. Nd2 d5 15. Rfe1 Nf6 16. c4 dxc4 17. Nxc4 Bg4 18. Bf1 Nd5 19. Rac1 f5 20. Ne5 Bh5 21. Rc2 Be8 22. Rec1 f4 23. Qa3 a5 24. Re1 fxe3 25. fxe3 Rc8 26. Rxc8 Qxc8 27. Qd6 Bxa4 28. Bc4 Bc6 29. Bxd5 Bxd5 30. h3 Qc2 31. Nd7 Qf2+ 32. Kh2 Re8 33. Qg3 Qxg3+ 34. Kxg3 Kf7 35. Rc1 Re7 36. Ne5+ Kf8 37. Rc8+ Re8 38. Rc7 Re7 39. Rc5 a4 40. Rc8+ Re8 41. Rc7 Re7 42. Rc5 h6 43. Ng6+ Kf7 44. Nxe7 Kxe7 45. Rc7+ Kf6 46. h4 g5 47. hxg5+ hxg5 48. Kg4 Bc6 49. g3 Bd5 50. Rh7 Kg6 51. Rh5 b5 52. Rxg5+ Kf6 53. Rg8 b4 54. Rb8 a3 55. Rxb4 a2 56. Ra4 e5 57. Ra6+ Be6+ 58. Kh4 exd4 59. exd4 e3 60. d5 Kf5 61. Rxa2 Bxd5 62. Ra1 Bb3 63. Re1 Ke4 64. g4 Kf3 65. g5 Kf2 66. Ra1 Bf7 67. Kg4 Bg6 68. b4 e2 69. b5 Bc2 70. b6 Bd1 71. Ra2 Bb3 72. Rxe2+ Kxe2 73. b7 Be6+ 74. Kf4 1-0

[Event "Kuwait Blitz op"]
[Site "Kuwait"]
[Date "2023.12.01"]
[Round "1"]
[White "Al Aqrabi, Saleh"]
[Black "Bait Said, Manaf Salim"]
[Result "1-0"]
[WhiteElo "2145"]
[BlackElo "1304"]
[PlyCount "85"]
[EventDate "2023.12.01"]
[EventType "swiss (blitz)"]
[EventRounds "9"]
[EventCountry "KUW"]
[SourceTitle "CB50_2023"]
[SourceDate "2023.12.13"]
[SourceVersion "1"]
[SourceVersionDate "2023.12.13"]
[SourceQuality "1"]

1. d4 d5 2. Bf4 Nf6 3. e3 c6 4. c3 Qb6 5. Qb3 Bf5 6. Nd2 Nbd7 7. h3 e6 8. Ngf3 h6 9. Be2 c5 10. 0-0 Be7 11. Rfe1 0-0 12. Ne5 Nxe5 13. Bxe5 Nd7 14. Bg3 Rac8 15. Bf1 Nf6 16. Bh2 Qxb3 17. axb3 a6 18. f3 cxd4 19. exd4 Ra8 20. b4 Rfd8 21. Nb3 Bd6 22. Bxd6 Rxd6 23. b5 Nd7 24. Ra3 Bc2 25. Nc5 Nb6 26. Nxb7 Rd7 27. Nc5 Rc7 28. bxa6 Nc4 29. Ra2 Bf5 30. b3 Nb6 31. b4 Kf8 32. Rea1 Ke7 33. Ra5 f6 34. b5 e5 35. R5a3 Raa7 36. Na4 Nxa4 37. Rxa4 Rc8 38. b6 Rd7 39. b7 Rb8 40. a7 Rbxb7 41. a8Q Kf7 42. Ra7 Rdc7 43. Rxb7 1-0

[Event "World Amateur-ch U2300"]
[Site "Muscat"]
[Date "2023.11.09"]
[Round "8"]
[White "Prishita, Gupta"]
[Black "Al Aqrabi, Saleh"]
[Result "0-1"]
[WhiteElo "1696"]
[BlackElo "2164"]
[PlyCount "150"]
[EventDate "2023.11.02"]
[EventType "swiss"]
[EventRounds "9"]
[EventCountry "OMN"]
[SourceTitle "CB46_2023"]
[SourceDate "2023.11.15"]
[SourceVersion "1"]
[SourceVersionDate "2023.11.15"]
[SourceQuality "1"]

1. d4 d5 2. c4 c6 3. g3 Bf5 4. Bg2 e6 5. Nf3 h6 6. 0-0 Nd7 7. Nc3 Ngf6 8. Nd2 Be7 9. e4 dxe4 10. Ndxe4 Nxe4 11. Nxe4 Nf6 12. Nc3 0-0 13. Bf4 Qb6 14. Qd2 Rad8 15. Rad1 Bg4 16. f3 Bf5 17. Be3 Qc7 18. Qe2 Rd7 19. Rd2 Rfd8 20. Rfd1 Qa5 21. a3 e5 22. dxe5 Qxe5 23. Rxd7 Rxd7 24. Rxd7 Nxd7 25. Bxa7 Qxe2 26. Nxe2 Bd3 27. Nc3 Bxc4 28. Kf2 Kf8 29. Ke3 Ke8 30. f4 Kd8 31. Bd4 f6 32. Kd2 Kc7 33. Nd1 Be6 34. Ne3 Nc5 35. Kc2 Nb3 36. Bc3 Bc5 37. Nf1 Bg1 38. h3 c5 39. g4 b6 40. Ng3 Nd4+ 41. Kd3 Bf7 42. Be4 Bf2 43. Nf1 Kd6 44. Nd2 b5 45. Ba8 c4+ 46. Ke4 Ne2 47. Ba5 Ba7 48. Bb4+ Bc5 49. Bxc5+ Kxc5 50. Ke3 Nc1 51. Ne4+ Kb6 52. Nd6 Be6 53. Be4 Bd7 54. Bc2 Kc5 55. Ne4+ Kd5 56. Ng3 Ke6 57. Kd2 Nb3+ 58. Bxb3 cxb3 59. Kc3 g5 60. f5+ Ke5 61. Kxb3 Bc6 62. Kb4 Bg2 63. Kxb5 Bxh3 64. b4 Bxg4 65. Kc5 h5 66. b5 h4 67. b6 Bf3 68. Ne2 g4 69. a4 h3 70. a5 h2 71. Ng3 Bb7 72. Kb5 Kd6 73. a6 h1Q 74. Nxh1 Bxh1 75. a7 Bb7 0-1

[Event "World Amateur-ch U2300"]
[Site "Muscat"]
[Date "2023.11.06"]
[Round "5"]
[White "Al Aqrabi, Saleh"]
[Black "Fadi, Marko"]
[Result "0-1"]
[WhiteElo "2164"]
[BlackElo "2221"]
[PlyCount "112"]
[EventDate "2023.11.02"]
[EventType "swiss"]
[EventRounds "9"]
[EventCountry "OMN"]
[SourceTitle "CB46_2023"]
[SourceDate "2023.11.15"]
[SourceVersion "1"]
[SourceVersionDate "2023.11.15"]
[SourceQuality "1"]

1. d4 d5 2. Bf4 c5 3. e3 cxd4 4. exd4 Nc6 5. c3 Bf5 6. Nd2 e6 7. Qb3 Qd7 8. Ngf3 f6 9. Be2 g5 10. Bg3 h5 11. h3 Bh6 12. Qa4 Nge7 13. Nb3 b6 14. Nc1 Kf7 15. Nd3 Rad8 16. Kf1 Kg7 17. Nfe1 Bg6 18. Qd1 Qe8 19. Nc2 Nf5 20. Bh2 h4 21. Bg4 Na5 22. Na3 Nb7 23. Qe2 Nbd6 24. Bxd6 Nxd6 25. Re1 Ne4 26. Kg1 Qd7 27. Nb1 a5 28. Rd1 Qf7 29. Nd2 Rhe8 30. Nf1 Kh8 31. Kh2 Bf8 32. Rg1 Bd6+ 33. Kh1 Bb8 34. Qe3 Qc7 35. Bf3 Kg7 36. Bxe4 Bxe4 37. f3 Bf5 38. Rd2 Re7 39. Nf2 Qc4 40. g3 Rh8 41. gxh4 Rxh4 42. b3 Qa6 43. Kg2 Bf4 44. Qe2 Qxe2 45. Rxe2 Rc7 46. Ne3 Bg6 47. Rc1 Rh8 48. c4 Kf7 49. Rce1 Bxe3 50. Rxe3 dxc4 51. bxc4 Bf5 52. Rb3 Rxc4 53. Rxb6 Rd8 54. Rb7+ Kg6 55. Re3 Rdxd4 56. Ra7 Rd2 0-1

[Event "Arab-ch"]
[Site "Dubai"]
[Date "2021.12.03"]
[Round "9"]
[White "Al Aqrabi, Saleh"]
[Black "Koniahli, Malek"]
[Result "1-0"]
[WhiteElo "2127"]
[BlackElo "2255"]
[PlyCount "96"]
[EventDate "2021.11.26"]
[EventType "swiss"]
[EventRounds "9"]
[EventCountry "UAE"]
[SourceTitle "CBM 205 Extra"]
[Source "ChessBase"]
[SourceDate "2022.01.31"]
[SourceVersion "1"]
[SourceVersionDate "2022.01.31"]
[SourceQuality "1"]

1. d4 Nf6 2. Bf4 g6 3. e3 Bg7 4. Nd2 d6 5. c3 0-0 6. h3 c5 7. Ngf3 Nc6 8. Be2 cxd4 9. exd4 Nd5 10. Bh2 e5 11. dxe5 dxe5 12. 0-0 Nf4 13. Bxf4 exf4 14. Nc4 Be6 15. a4 Rc8 16. Qc2 Qe7 17. Rfe1 Rfd8 18. Nfd2 f5 19. Bf1 Qf7 20. b3 Bd5 21. Rac1 f3 22. Nxf3 Bxf3 23. gxf3 Qf6 24. Qe2 Rc7 25. Rcd1 Rxd1 26. Rxd1 Re7 27. Qd3 Qxc3 28. Qd5+ Kh8 29. Nd6 Be5 30. Bc4 Kg7 31. Qg8+ Kh6 32. Nf7+ Rxf7 33. Qxf7 Nd4 34. Qxb7 Nxf3+ 35. Kf1 Nd4 36. Kg2 a5 37. Qd5 Bf6 38. Rd3 Qa1 39. Qd6 Nc2 40. Rd1 Qb2 41. Rd2 Qc3 42. Rxc2 Qxc2 43. Qxf6 Qe4+ 44. Kh2 Qf4+ 45. Kg1 Qd2 46. Qh4+ Kg7 47. Qe7+ Kh6 48. Bg8 Qe1+ 1-0

[Event "Arab-ch"]
[Site "Dubai"]
[Date "2021.11.29"]
[Round "5"]
[White "Saeed, Ishaq"]
[Black "Al Aqrabi, Saleh"]
[Result "0-1"]
[WhiteElo "2409"]
[BlackElo "2127"]
[PlyCount "136"]
[EventDate "2021.11.26"]
[EventType "swiss"]
[EventRounds "9"]
[EventCountry "UAE"]
[SourceTitle "CBM 205 Extra"]
[Source "ChessBase"]
[SourceDate "2022.01.31"]
[SourceVersion "1"]
[SourceVersionDate "2022.01.31"]
[SourceQuality "1"]

1. Nf3 d5 2. c4 e6 3. d4 c6 4. Nc3 Nf6 5. g3 Nbd7 6. Bg2 a6 7. 0-0 Be7 8. Qc2 0-0 9. e4 dxc4 10. Bg5 h6 11. Bf4 b5 12. Rfe1 Re8 13. Rad1 Bb7 14. Qc1 Bf8 15. a3 Rc8 16. e5 Nd5 17. g4 Nxf4 18. Qxf4 c5 19. g5 Bxf3 20. Qxf3 Qxg5 21. h4 Qg6 22. h5 Qf5 23. Qg3 Qg5 24. Qxg5 hxg5 25. Bb7 Rb8 26. Bxa6 b4 27. axb4 cxb4 28. Ne4 Nb6 29. Rc1 Red8 30. Bxc4 Rxd4 31. Bb3 Rbd8 32. Kf1 g4 33. Ng3 Be7 34. Re4 Bh4 35. Rxd4 Rxd4 36. Ne2 Rd3 37. Bc2 Rf3 38. Kg1 Rxf2 39. Bd3 Rf3 40. Bb1 Re3 41. Kf1 g3 42. Nd4 Rxe5 43. Nf3 Rxh5 44. Kg2 g6 45. Be4 Bf6 46. b3 Bc3 47. Kxg3 f5 48. Bc6 Kf7 49. Rd1 Ke7 50. Kg2 g5 51. Ng1 g4 52. Ne2 Be5 53. Kg1 Rh3 54. Nc1 Rc3 55. Bb7 Bf4 56. Nd3 Be3+ 57. Kf1 Rxb3 58. Ke2 Bd4 59. Rh1 Na4 60. Rh7+ Kd6 61. Bc8 Nc5 62. Nf4 Re3+ 63. Kd2 b3 64. Rh6 b2 65. Rh1 Ne4+ 66. Kc2 Rc3+ 67. Kxb2 Rh3+ 68. Kc2 Rxh1 0-1

[Event "Arab Cities"]
[Site "Hammamet"]
[Date "2019.02.22"]
[Round "2.2"]
[White "Al Aqrabi, Saleh"]
[Black "Masrahi, Abdulrahman A"]
[Result "1/2-1/2"]
[WhiteElo "2131"]
[BlackElo "1959"]
[PlyCount "86"]
[EventDate "2019.02.21"]
[EventType "team-swiss"]
[EventRounds "7"]
[EventCountry "TUN"]
[SourceTitle "CBM 189 Extra"]
[Source "ChessBase"]
[SourceDate "2019.06.03"]
[SourceVersion "1"]
[SourceVersionDate "2019.06.03"]
[SourceQuality "1"]
[WhiteTeam "Al Gidah"]
[BlackTeam "Er Riadh"]
[WhiteTeamCountry "YEM"]
[BlackTeamCountry "TUN"]

1. d4 d5 2. c4 c6 3. cxd5 cxd5 4. Nc3 Nf6 5. Nf3 Nc6 6. a3 Bf5 7. Bf4 a6 8. e3 e6 9. Be2 Be7 10. 0-0 0-0 11. b4 h6 12. h3 Ne8 13. Na4 Bd6 14. Bxd6 Nxd6 15. Nc5 Qe7 16. Rc1 Rfc8 17. Nd2 Nb8 18. Qa4 b6 19. Nd3 Nc4 20. Qb3 Bxd3 21. Bxd3 b5 22. Qc3 Nc6 23. Bxc4 bxc4 24. Rb1 Rcb8 25. Nb3 Nxb4 26. axb4 cxb3 27. Rxb3 Rb5 28. Ra1 Qb7 29. Ra5 Rb8 30. Rxb5 Qxb5 31. Ra3 Qxb4 32. Qxb4 Rxb4 33. Rxa6 Rb2 34. Ra7 Rc2 35. g3 g6 36. Kg2 Kg7 37. g4 g5 38. Kg3 Kf6 39. Ra3 Rd2 40. f3 Rd1 41. Rb3 Rg1+ 42. Kf2 Rh1 43. Kg2 Rd1 1/2-1/2

[Event "Olympiad-41"]
[Site "Tromsoe"]
[Date "2014.08.10"]
[Round "8.4"]
[White "Nilssen, John Arni"]
[Black "Al Aqrabi, Saleh"]
[Result "1-0"]
[WhiteElo "2322"]
[BlackElo "2139"]
[PlyCount "107"]
[EventDate "2014.08.02"]
[EventType "team-swiss"]
[EventRounds "11"]
[EventCountry "NOR"]
[SourceTitle "CBM 162"]
[Source "ChessBase"]
[SourceDate "2014.09.17"]
[SourceVersion "1"]
[SourceVersionDate "2014.09.17"]
[SourceQuality "1"]
[WhiteTeam "Faroe Islands"]
[BlackTeam "Yemen"]
[WhiteTeamCountry "FAI"]
[BlackTeamCountry "YEM"]

1. d4 d5 2. c4 c6 3. Nc3 Nf6 4. e3 a6 5. Nf3 b5 6. c5 Bg4 7. h3 Bh5 8. g4 Bg6 9. Ne5 e6 10. h4 Nfd7 11. Nxd7 Nxd7 12. h5 Be4 13. f3 Qc7 14. fxe4 Qg3+ 15. Kd2 b4 16. Ne2 Qf3 17. Rh3 Qxg4 18. Nf4 Qxd1+ 19. Kxd1 dxe4 20. Bg2 e5 21. dxe5 0-0-0 22. Ke2 Nxc5 23. Bd2 a5 24. Rc1 f5 25. Rg3 Re8 26. e6 Kb7 27. e7 Bxe7 28. Rxg7 Kb6 29. b3 Bd6 30. Bh3 Ref8 31. Rcg1 Kb5 32. Bf1 Be5 33. R7g5 Rf6 34. Rg8 Rd6 35. Rxh8 Bxh8 36. Kd1+ Kb6 37. Kc2 Nd7 38. Rg8 Bf6 39. Re8 Bg5 40. Be2 Nf6 41. Re5 Nd5 42. Bc4 Ne7 43. Bc1 Bf6 44. Re6 Rxe6 45. Nxe6 h6 46. Bb2 Bxb2 47. Kxb2 Nd5 48. Bxd5 cxd5 49. Kc2 Kb7 50. Kd2 Kc8 51. Nd4 f4 52. exf4 Kd7 53. Ke3 Ke8 54. Nf5 1-0

[Event "Olympiad-41"]
[Site "Tromsoe"]
[Date "2014.08.06"]
[Round "5.4"]
[White "Duran Vega, Sergio"]
[Black "Al Aqrabi, Saleh"]
[Result "0-1"]
[WhiteElo "2224"]
[BlackElo "2139"]
[PlyCount "104"]
[EventDate "2014.08.02"]
[EventType "team-swiss"]
[EventRounds "11"]
[EventCountry "NOR"]
[SourceTitle "CBM 162"]
[Source "ChessBase"]
[SourceDate "2014.09.17"]
[SourceVersion "1"]
[SourceVersionDate "2014.09.17"]
[SourceQuality "1"]
[WhiteTeam "Costa Rica"]
[BlackTeam "Yemen"]
[WhiteTeamCountry "CRI"]
[BlackTeamCountry "YEM"]

1. e4 e6 2. d4 d5 3. Nd2 Nf6 4. e5 Nfd7 5. f4 c5 6. Ngf3 Nc6 7. Nb3 a6 8. Be3 c4 9. Nbd2 b5 10. Be2 Be7 11. 0-0 0-0 12. Qe1 f5 13. Kh1 g6 14. Rg1 h5 15. Bf2 Rf7 16. c3 Nf8 17. Bh4 Nh7 18. h3 Rg7 19. g4 hxg4 20. hxg4 Ra7 21. gxf5 Bxh4 22. Nxh4 gxf5 23. Qf2 Qe8 24. Qh2 b4 25. Nhf3 a5 26. Qh6 Qf8 27. Nh4 bxc3 28. Ng6 Qb4 29. Rg3 Nxd4 30. bxc3 Nxe2 31. cxb4 Nxg3+ 32. Kg2 Ne4 33. Nxe4 fxe4 34. b5 Rxg6+ 35. Qxg6+ Rg7 36. Qxg7+ Kxg7 37. Kf2 d4 38. b6 c3 39. Rb1 e3+ 40. Kf3 Bb7+ 41. Ke2 Ba6+ 42. Kf3 Nf8 43. b7 Nd7 44. Ke4 d3 45. Kxe3 Kg6 46. b8Q Nxb8 47. Rxb8 d2 48. Rg8+ Kf7 49. Rg1 Bc4 50. a3 Bb5 51. Rh1 Bc6 52. Rg1 Bf3 0-1

[Event "Olympiad-41"]
[Site "Tromsoe"]
[Date "2014.08.05"]
[Round "4.4"]
[White "Krupenski, Juri"]
[Black "Al Aqrabi, Saleh"]
[Result "0-1"]
[WhiteElo "2277"]
[BlackElo "2139"]
[PlyCount "118"]
[EventDate "2014.08.02"]
[EventType "team-swiss"]
[EventRounds "11"]
[EventCountry "NOR"]
[SourceTitle "CBM 162"]
[Source "ChessBase"]
[SourceDate "2014.09.17"]
[SourceVersion "1"]
[SourceVersionDate "2014.09.17"]
[SourceQuality "1"]
[WhiteTeam "Estonia"]
[BlackTeam "Yemen"]
[WhiteTeamCountry "EST"]
[BlackTeamCountry "YEM"]

1. d4 d5 2. Nf3 c6 3. c4 Nf6 4. e3 a6 5. Bd3 b5 6. b3 Bg4 7. Nbd2 e6 8. Qc2 Nbd7 9. Bb2 Bxf3 10. Nxf3 Bb4+ 11. Ke2 0-0 12. c5 h6 13. Rhg1 Kh8 14. g4 Ng8 15. Rg3 g6 16. Rh3 Kg7 17. Ne5 Ne7 18. Rg1 Qe8 19. f4 f6 20. Nf3 Rh8 21. Rhg3 Ba5 22. h4 Bc7 23. Kd1 Qf7 24. R3g2 Rag8 25. h5 g5 26. Rf1 Qe8 27. Bc1 Rf8 28. Bd2 Rhg8 29. Bh7 Rh8 30. Bd3 Qb8 31. Qc1 Rhg8 32. Kc2 Kh8 33. Kb1 Rg7 34. Rgf2 gxf4 35. Rg1 e5 36. Bf5 Nxf5 37. gxf5 Rxg1 38. Qxg1 Rg8 39. Qh1 e4 40. Nh4 f3 41. Ng6+ Kh7 42. Rf1 b4 43. Qh3 Qb5 44. Kc1 Bh2 45. Rh1 f2 46. Qf1 Bg1 47. Rxg1 fxg1Q 48. Qxg1 a5 49. Qf2 Rg7 50. Qf4 Qe2 51. Qc7 Qf1+ 52. Kc2 Qxf5 53. Qxc6 Qxh5 54. Nf4 Qf5 55. Nxd5 h5 56. Qd6 Qf1 57. Qh2 Rg1 58. Nc3 bxc3 59. Kxc3 Rh1 0-1

[Event "Olympiad-41"]
[Site "Tromsoe"]
[Date "2014.08.04"]
[Round "3.4"]
[White "Al Aqrabi, Saleh"]
[Black "Sarwary, Hamidullah"]
[Result "1-0"]
[WhiteElo "2139"]
[BlackElo "1920"]
[PlyCount "87"]
[EventDate "2014.08.02"]
[EventType "team-swiss"]
[EventRounds "11"]
[EventCountry "NOR"]
[SourceTitle "CBM 162"]
[Source "ChessBase"]
[SourceDate "2014.09.17"]
[SourceVersion "1"]
[SourceVersionDate "2014.09.17"]
[SourceQuality "1"]
[WhiteTeam "Yemen"]
[BlackTeam "Afghanistan"]
[WhiteTeamCountry "YEM"]
[BlackTeamCountry "AFG"]

1. d4 Nf6 2. c4 e6 3. Nc3 d5 4. Bg5 Be7 5. Nf3 b6 6. e3 Bb7 7. Be2 Nbd7 8. 0-0 0-0 9. Rc1 c5 10. a3 Rc8 11. Nd2 a6 12. dxc5 bxc5 13. Qc2 Ne5 14. Rfd1 Ng6 15. Qb3 Rb8 16. Qc2 Qc7 17. Na4 Rfc8 18. cxd5 exd5 19. Bxf6 gxf6 20. Bg4 Rd8 21. Nxc5 Bxc5 22. Qxc5 Qe5 23. Qd4 Qxd4 24. exd4 Bc8 25. Bxc8 Rdxc8 26. b4 Nf4 27. Kf1 Nd3 28. Rxc8+ Rxc8 29. Nb3 Rc3 30. Nc5 Nxc5 31. dxc5 Rxa3 32. Rxd5 Ra4 33. Rd8+ Kg7 34. Rb8 Ra2 35. c6 Rc2 36. Rb6 Kg6 37. Rxa6 Kf5 38. g3 Ke4 39. b5 Kd5 40. Rb6 Kd6 41. Rb7 Ke6 42. c7 h5 43. b6 Kd7 44. Rb8 1-0

[Event "Olympiad-41"]
[Site "Tromsoe"]
[Date "2014.08.03"]
[Round "2.4"]
[White "Zerafa, Patrick"]
[Black "Al Aqrabi, Saleh"]
[Result "1/2-1/2"]
[WhiteElo "2079"]
[BlackElo "2139"]
[PlyCount "234"]
[EventDate "2014.08.02"]
[EventType "team-swiss"]
[EventRounds "11"]
[EventCountry "NOR"]
[SourceTitle "CBM 162"]
[Source "ChessBase"]
[SourceDate "2014.09.17"]
[SourceVersion "1"]
[SourceVersionDate "2014.09.17"]
[SourceQuality "1"]
[WhiteTeam "Malta"]
[BlackTeam "Yemen"]
[WhiteTeamCountry "MLT"]
[BlackTeamCountry "YEM"]

1. d4 d5 2. c4 c6 3. Nf3 Nf6 4. Nbd2 a6 5. g3 Bf5 6. Bg2 e6 7. 0-0 Nbd7 8. b3 Be7 9. Bb2 h6 10. Ne5 0-0 11. Rc1 Rc8 12. Qe1 Bb4 13. a3 Ba5 14. b4 Bc7 15. e4 dxe4 16. Nxe4 Nxe4 17. Bxe4 Bh3 18. Bg2 Bxg2 19. Kxg2 Nxe5 20. dxe5 Qd3 21. Rc3 Qf5 22. f4 Rfd8 23. Qe2 Rd7 24. Rd1 Rxd1 25. Qxd1 Qe4+ 26. Qf3 Qb1 27. Qe2 Rd8 28. Rc1 Qd3 29. Qxd3 Rxd3 30. Rc2 Bb6 31. c5 Bc7 32. Kf2 Kf8 33. Ke2 Rb3 34. Bc1 Ke7 35. Rd2 a5 36. Rd3 Rb1 37. Kd1 axb4 38. Kc2 Ra1 39. axb4 h5 40. Kb2 Ra8 41. Kb3 b5 42. cxb6 Bxb6 43. Rd6 Rc8 44. Ba3 Ke8 45. h3 Be3 46. Rd3 Bf2 47. g4 hxg4 48. hxg4 c5 49. bxc5 Bxc5 50. Bxc5 Rxc5 51. Kb4 Rc1 52. Kb5 g5 53. f5 Re1 54. fxe6 Rxe5+ 55. Kc6 Rxe6+ 56. Kd5 Ke7 57. Rf3 Ra6 58. Re3+ Kd7 59. Rf3 Ra5+ 60. Ke4 Ke6 61. Rb3 Ra4+ 62. Kf3 Rf4+ 63. Kg3 Rd4 64. Re3+ Kd6 65. Rf3 Ke7 66. Re3+ Kf8 67. Ra3 f6 68. Re3 Kf7 69. Kf3 Ra4 70. Kg3 Rf4 71. Ra3 Re4 72. Kf3 Rd4 73. Re3 Rd5 74. Ra3 Ke6 75. Re3+ Kd6 76. Ra3 Rd4 77. Ra6+ Ke5 78. Ra5+ Rd5 79. Ra3 Rc5 80. Re3+ Kd6 81. Ra3 Rc4 82. Rd3+ Ke5 83. Re3+ Kd5 84. Rd3+ Rd4 85. Ra3 Rf4+ 86. Kg3 Rc4 87. Rf3 Rc6 88. Ra3 Kd4 89. Ra4+ Kd3 90. Kf3 Rc3 91. Re4 Rc6 92. Ra4 Rc3 93. Re4 Kd2+ 94. Kf2 Rc6 95. Rd4+ Kc3 96. Rd8 Rc4 97. Kf3 Rd4 98. Ra8 Rf4+ 99. Kg3 Kb4 100. Rb8+ Kc5 101. Rc8+ Kd5 102. Ra8 Rc4 103. Rd8+ Ke5 104. Re8+ Kd5 105. Rd8+ Ke6 106. Re8+ Kd7 107. Re3 Kd6 108. Ra3 Kd5 109. Kf3 Rf4+ 110. Kg3 Rc4 111. Kf3 Kd4 112. Ra6 Rc3+ 113. Kf2 Ke5 114. Ra4 Rd3 115. Ra5+ Rd5 116. Ra6 Rd4 117. Kf3 Rd3+ 1/2-1/2

[Event "Arab Clubs-chT"]
[Site "Marrakesh"]
[Date "2014.05.30"]
[Round "8"]
[White "Al Aqrabi, Saleh"]
[Black "Al Subaihi, Khalil"]
[Result "1-0"]
[WhiteElo "2121"]
[BlackElo "2082"]
[PlyCount "64"]
[EventDate "2014.05.24"]
[EventType "team-swiss"]
[EventRounds "9"]
[EventCountry "MAR"]
[SourceTitle "EXT 2018"]
[Source "ChessBase"]
[SourceDate "2017.10.13"]
[SourceVersion "1"]
[SourceVersionDate "2017.10.13"]
[SourceQuality "1"]
[WhiteTeam "Shoola"]
[BlackTeam "Mourawaa"]
[WhiteTeamCountry "YEM"]
[BlackTeamCountry "YEM"]

1. d4 f5 2. e4 fxe4 3. Nc3 Nf6 4. Bg5 c6 5. Bxf6 exf6 6. Nxe4 d5 7. Ng3 Qa5+ 8. c3 Bd6 9. Qh5+ g6 10. Qh6 Bf8 11. Qd2 Bg7 12. h4 0-0 13. h5 g5 14. h6 Bh8 15. Bd3 c5 16. Qc2 Qc7 17. dxc5 Nc6 18. N1e2 Ne5 19. 0-0-0 Rd8 20. Kb1 Nxd3 21. Qxd3 Qxc5 22. Nd4 Qc7 23. Ndf5 Bxf5 24. Nxf5 Rd7 25. g4 Re8 26. f3 a6 27. Rd2 Qf4 28. Rhd1 b5 29. Qf1 Qe5 30. Rd4 Kf8 31. R1d3 Red8 32. Qf2 Qc7 1-0

[Event "Arab Clubs-chT"]
[Site "Marrakesh"]
[Date "2014.05.29"]
[Round "7"]
[White "Al Aqrabi, Saleh"]
[Black "Mansour, Abbas Khoori"]
[Result "1-0"]
[WhiteElo "2121"]
[BlackElo "1915"]
[PlyCount "84"]
[EventDate "2014.05.24"]
[EventType "team-swiss"]
[EventRounds "9"]
[EventCountry "MAR"]
[SourceTitle "EXT 2018"]
[Source "ChessBase"]
[SourceDate "2017.10.13"]
[SourceVersion "1"]
[SourceVersionDate "2017.10.13"]
[SourceQuality "1"]
[WhiteTeam "Shoola"]
[BlackTeam "Abu Dhabi"]
[WhiteTeamCountry "YEM"]
[BlackTeamCountry "UAE"]

1. d4 d5 2. c4 e5 3. e3 dxc4 4. Bxc4 exd4 5. Nf3 Nc6 6. exd4 Bd6 7. 0-0 Nf6 8. Re1+ Be7 9. d5 Nb8 10. Qe2 Bg4 11. Nbd2 Nbd7 12. h3 Bxf3 13. Nxf3 Nb6 14. d6 cxd6 15. Bb5+ Kf8 16. Bf4 Rc8 17. Nd4 Nfd5 18. Bg3 g6 19. Qg4 a6 20. Bd3 Qd7 21. Qf3 Re8 22. Be4 Bf6 23. Bxd5 Bxd4 24. Rxe8+ Qxe8 25. Bxd6+ Kg7 26. Bxb7 Qe6 27. Ba3 a5 28. Rd1 Qe5 29. b3 Re8 30. Qg4 Rd8 31. Bc1 Qf6 32. Rf1 h6 33. Qe2 Nd5 34. g3 Rd7 35. Qb5 Qd6 36. Bxd5 Qxd5 37. Qxd5 Rxd5 38. Kg2 Bc3 39. Be3 h5 40. Rc1 Bb4 41. Rc6 Rd1 42. Bg5 Rd6 1-0

[Event "Dubai op 16th"]
[Site "Dubai"]
[Date "2014.04.07"]
[Round "1"]
[White "Iturrizaga Bonelli, Eduardo"]
[Black "Al Aqrabi, Saleh"]
[Result "1-0"]
[WhiteElo "2635"]
[BlackElo "2154"]
[PlyCount "69"]
[EventDate "2014.04.07"]
[EventType "swiss"]
[EventRounds "9"]
[EventCountry "UAE"]
[SourceTitle "CBM 159 Extra"]
[Source "ChessBase"]
[SourceDate "2014.04.24"]
[SourceVersion "1"]
[SourceVersionDate "2014.04.24"]
[SourceQuality "1"]

1. Nf3 d5 2. c4 c6 3. e3 Nf6 4. Nc3 a6 5. Qc2 e6 6. b3 b5 7. Bb2 Be7 8. g4 0-0 9. g5 Ne8 10. h4 Nd7 11. Bd3 f5 12. gxf6 Ndxf6 13. Ng5 h6 14. Bh7+ Kh8 15. Ne2 Bd6 16. c5 Bc7 17. Nd4 e5 18. Nxc6 Qd7 19. Nxe5 Bxe5 20. Bxe5 Ng4 21. Bg3 Qe7 22. Nh3 Qf6 23. 0-0-0 Be6 24. d4 Qf3 25. Nf4 Rxf4 26. Bxf4 Nef6 27. Bd3 Nxf2 28. Rdf1 N6g4 29. Be2 Qe4 30. Qxe4 dxe4 31. Rhg1 h5 32. Kd2 Nh3 33. Rg3 Nhf2 34. Rxf2 Nxf2 35. Rg5 1-0